000 00280nam a22001097a 4500
008 230522b |||||||| |||| 00| 0 eng d
082 _a294.3
100 _aDiederik Prakke
245 _aThe madman and the Dutchman;
_bTulips for the dragon
300 _a108 p.
_c21.5 cm
942 _2ddc
999 _c9593
_d9594